Statystyki dla Wielcy Mistrzowie Zakonu Krzyżackiego

Kliknij tutaj aby rozwiązać quiz!

Ogólne statystyki

  • Ten quiz został rozwiązany 17 razy
  • Średni wynik to 3 z 37

Statystyki odpowiedzi

Wielcy MistrzowieLata rządów% Poprawnych
Ulrich von Jungingen1407–1410
100%
Konrad von Jungingen1393–1407
75%
Konrad von Wallenrode1391–1393
50%
Heinrich von Plauen1410–1413
25%
Hermann von Salza1209–1239
25%
Albrecht Hohenzollern-Ansbach1511–1525
0%
Anno von Sangershausen1256–1273
0%
Burkhard von Schwanden1283–1290
0%
Dietrich von Altenburg1335–1341
0%
Fryderyk Wettyn1498–1510
0%
Gerhard von Malberg1240–1244
0%
Gottfried von Hohenlohe1297–1302
0%
Günter von Wüllersleben1250–1252
0%
Hartmann von Heldrungen1273–1282
0%
Heinrich Dusemer von Arfberg1345–1351
0%
Heinrich von Hohenlohe1244–1249
0%
Heinrich von Tunna1209–1209
0%
Heinrich Walpot von Bassenheim1198–1208
0%
Henryk Reffle von Richtenberg1470–1477
0%
Henryk Reuss von Plauen1467–1470
0%
Jan von Tieffen1489–1497
0%
Karl Bessart von Trier1311–1324
0%
Konrad von Erlichshausen1441–1449
0%
Konrad von Feuchtwangen1291–1296
0%
Konrad von Thüringen1239–1240
0%
Konrad Zöllner von Rotenstein1382–1390
0%
Ludolf König von Wattzau1342–1345
0%
Ludwig von Erlichshausen1450–1467
0%
Luther von Braunschweig1331–1335
0%
Martin Truchsess von Wetzhausen1477–1489
0%
Michael Küchmeister von Sternberg1414–1422
0%
Otto von Kerpen1208–1209
0%
Paul Bellitzer von Russdorff1422–1441
0%
Poppo von Osterna1252–1256
0%
Siegfried von Feuchtwangen1302–1310
0%
Werner von Orseln1324–1330
0%
Winrich von Kniprode1351–1382
0%

Rozkład punktacji

Percentyl według liczby udzielonych odpowiedzi

Procent ludzi z każdym wynikiem

Twoja historia wyników

Nie rozwiązałeś tego quizu